| 000 | 00480nam a22001697a 4500 | ||
|---|---|---|---|
| 003 | NUST | ||
| 005 | 20260512140311.0 | ||
| 008 | 260512b ||||| |||| 00| 0 eng d | ||
| 020 | _a00-7844-0287-6 | ||
| 082 |
_a624.1762 _bPRA |
||
| 100 |
_aShamshair Parkash _9134422 |
||
| 245 |
_aSeismic Analysis and design for soil Pile Structure Interactions / _cShamshair Parkash. |
||
| 260 |
_aUSA: _bASCE, _c1997. |
||
| 300 |
_a129 p ; _c25.6 cm |
||
| 563 | _aPaperback | ||
| 942 |
_2ddc _cBK |
||
| 999 |
_c617416 _d617416 |
||